Responses for show #3974 - Thursday, December 6, 2001

Kathy Cassity game 4.

Contestants

Mittie Boyer, a business analyst from New Orleans, Louisiana

Brian Scheetz, a mortgage banker from Arlington, Virginia

Kathy Cassity, a closed captioner from Honolulu, Hawaii (whose 3-day cash winnings total $36,000)

Jeopardy! Round responses

BIRDS' SCIENTIFIC NAMES
DOC TALK
HEAVYWEIGHT CHAMPS
CAMILLA
"PARK"ER
BOWLS
    $200 26
South America

Kathy
    $200 1
blood pressure

Kathy
    $200 19
(Kathy: Who is Cassius Clay?)

Muhammad Ali

Kathy
    $200 12
London

Kathy
    $200 11
free parking

Brian
    $200 6
Old King Cole

Kathy
    $400 27
(Kathy: What is yellow?)

white

KathyBrian
    $400 2
breath

Kathy
    $400 22
George Foreman

Brian
    $400 17
Lady Diana Spencer

Kathy
    $400 13
trailer park

Triple Stumper
    $400 7
Ed

Brian
    $600 28
(Brian: What is an emu?)

kiwi

Brian
Triple Stumper
    $600 3
gunshot wound

Mittie
    $600 23
Joe Louis

Brian
    $600 18
"The Godfather"

Brian
    $600 14
Rosa Parks

Kathy
    $600 8
Erma Bombeck

Brian
    $800 29
(Brian: What is...what are ants?)
....
[buzzer sounds to end the round]

bees

Brian
    $800 4
Caesarean

Kathy
    $800 24
(Alex: Brian, minute to go.)

Jack Dempsey

Triple Stumper
    $800 20
"Dancing Queen"

Kathy
    $800 15
Parkinson's disease

Kathy
    $800 9
the Dust Bowl

Mittie
    $1000 5
medical advice

Brian
    $1000 25
Floyd Patterson

Triple Stumper
    $1000 21
(Kathy: Who is George IV?)
....
(Alex: That was in his "thin" period!)

Edward VII

Kathy
Triple Stumper
    $1000 16
Luna Park

Triple Stumper
    $1000 10
Henry James

Kathy

Scores at the first commercial break (after clue 16):

Kathy Brian Mittie
$4,200 $2,200 $1,400

Scores at the end of the Jeopardy! Round:

Kathy Brian Mittie
$4,400 $2,800 $1,400

Double Jeopardy! Round responses

WWI
THE MOVIES
LITERARY CROSSWORD CLUES "M"
BY GEORGE!
INTERNATIONAL GEOGRAPHIC
WORDS FOR WORDS
    $400 2
democracy

Kathy
    $400 1
Adam Sandler

Brian
    $400 3
(Kathy: [*]... What is [*]?)
...
(Alex: Two things: you responded without phrasing it in the form of a question and time had just run out on your lights.)

mad

KathyMittie
    $400 15
George C. Scott

Mittie
    $400 17
Ankara

Kathy
    $400 22
contractions

Mittie
    $800 6
(Kathy: What is nerve gas?)

mustard gas

KathyBrian
    $800 4
North by Northwest

Triple Stumper
    $800 11
Murders

Kathy
    $800 26
George H.W. Bush

Kathy
    $800 18
Palermo

Kathy
    $1,000 23
(Alex: Less than a minute now, Mittie.)

misnomer

Mittie
    $1200 7
the tank

Brian
    $1200 5
The Seven Year Itch

Brian
    $1200 12
Moon

Kathy
    $1200 28
George Wallace

Kathy
    $1200 19
(Brian: What is Morocco?)

Senegal

Brian
Triple Stumper
    $1200 24
back-formation

Triple Stumper
    $1600 8
"Lafayette, we are here!"

Triple Stumper
    $1600 10
Ghost

Kathy
    $1600 13
Marmee

Triple Stumper
    $1600 29
[buzzer sounds to end the round]

George Marshall

Kathy
    $1600 20
Myanmar (formerly Burma)

Kathy
    $1600 25
archaism

Brian
    $2,800 9
(Alex: After the assassination of the archduke.)

Serbia

Brian
    $2000 16
The Great Escape

Brian
    $2000 14
Mellors

Triple Stumper
    $2000 21
Cuba

Triple Stumper
    $2000 27
epithet

Kathy

Scores at the end of the Double Jeopardy! Round:

Kathy Brian Mittie
$15,600 $11,600 $3,600

[wagering suggestions for these scores]

Final Jeopardy! Round responses

BUSINESS & TECHNOLOGY
MittieWhat is Yahoo?
$100
BrianWhat is Yahoo?
$11,000
KathyWhat is Yahoo?
$7,600
Yahoo!

Final scores:

Kathy Brian Mittie
$23,200 $22,600 $3,700
4-day champion: $59,200 2nd place: Trip to Madrid, Spain 3rd place: Trip to Hilton Hawaiian Village, Oahu

Game dynamics:

Coryat scores:

Kathy Brian Mittie
$15,600 $11,600 $3,400
23 R,
4 W
15 R
(including 1 DD),
3 W
(including 1 DD)
6 R
(including 1 DD),
0 W

Combined Coryat: $30,600

The J! Archive is created by fans, for fans. The Jeopardy! game show and all elements thereof, including but not limited to copyright and trademark thereto, are the property of Jeopardy Productions, Inc. and are protected under law. This website is not affiliated with, sponsored by, or operated by Jeopardy Productions, Inc. Join the discussion at JBoard.tv.